000 00215nam a22000857a 4500
008 160808b xxu||||| |||| 00| 0 eng d
100 _956
_aMishra A
245 _aBasic Science-8
260 _aNew Delhi
_bBharati Bhawan
_c2012
999 _c2708
_d2708